000 00273nam a2200121Ia 4500
008 241002s9999 xx 000 0 und d
082 _a940.53 RIJ
100 _aRijan, Cornelius
245 4 _aThe Last Battle
260 _aLondon:
_c1966
600 _aHistory
942 _cUC
999 _c18872
_d18872